000 00561nam a2200217Ia 4500
003 OSt
005 20220928145331.0
006 a|||||r|||| 00| 0
007 ta
008 220927b |||||||| |||| 00| 0 eng d
024 _a80260
037 _cTextual
040 _aSDCL
_cSDCL
_beng
041 _2eng
_aeng
082 _aO-,3M79,1:g, M5
100 _aBeer John Ed.
_9508980
245 0 _aPassage to India
_b Essays in interpretation.
260 _c1985
942 _hO-,3M79,1:g, M5
_cTEXL
_2CC
999 _c833300
_d833300